| 000 | 00441cam a2200145 4500500 | ||
|---|---|---|---|
| 005 | 20251012022912.0 | ||
| 041 | _afre | ||
| 042 | _adc | ||
| 100 | 1 | 0 |
_aPiron, Sylvain _eauthor |
| 245 | 0 | 0 | _aPages de début |
| 260 | _c2025. | ||
| 500 | _a22 | ||
| 786 | 0 | _nLes Politiques Sociales | 1 | 1 | 2025-04-17 | p. 2-4 | 1374-1942 | |
| 856 | 4 | 1 | _uhttps://shs.cairn.info/revue-les-politiques-sociales-2025-1-page-2?lang=fr&redirect-ssocas=7080 |
| 999 |
_c1540855 _d1540855 |
||